<?xml version="1.0" encoding="UTF-8"?>
<marc:record xmlns:marc="http://www.loc.gov/MARC21/slim">
   <marc:leader>00000nam a2200000 a 4500</marc:leader>
   <marc:datafield ind1="1" ind2=" " tag="100">
      <marc:subfield code="a">Faller, Michaela BEd</marc:subfield>
      <marc:subfield code="4">aut</marc:subfield>
      <marc:subfield code="e">Verfasser/-in</marc:subfield>
   </marc:datafield>
   <marc:datafield ind1=" " ind2=" " tag="653">
      <marc:subfield code="a">Belastungsempfinden</marc:subfield>
   </marc:datafield>
   <marc:datafield ind1=" " ind2=" " tag="653">
      <marc:subfield code="a">Lehrergesundheit</marc:subfield>
   </marc:datafield>
   <marc:datafield ind1=" " ind2=" " tag="653">
      <marc:subfield code="a">COVID-19</marc:subfield>
   </marc:datafield>
   <marc:datafield ind1=" " ind2=" " tag="653">
      <marc:subfield code="a">Relevanz</marc:subfield>
   </marc:datafield>
   <marc:datafield ind1=" " ind2=" " tag="653">
      <marc:subfield code="a">Volksschullehrperson</marc:subfield>
   </marc:datafield>
   <marc:datafield ind1=" " ind2=" " tag="653">
      <marc:subfield code="a">Schulleiterinnen</marc:subfield>
   </marc:datafield>
   <marc:datafield ind1=" " ind2=" " tag="653">
      <marc:subfield code="a">GÖD</marc:subfield>
   </marc:datafield>
   <marc:datafield ind1=" " ind2=" " tag="653">
      <marc:subfield code="a">Pflichtschullehrpersonen 2019</marc:subfield>
   </marc:datafield>
   <marc:datafield ind1="0" ind2="0" tag="245">
      <marc:subfield code="a">Belastungsempfinden von Tiroler Volksschullehrpersonen, Schulleiterinnen und Schulleitern in Zeiten der Covid-19 Pandemie</marc:subfield>
   </marc:datafield>
   <marc:datafield ind1="0" ind2="0" tag="245">
      <marc:subfield code="c">Michaela BEd Faller. Mag. Mag. Dr. Priv.-Doz. Nikolaus Greier</marc:subfield>
   </marc:datafield>
   <marc:datafield ind1=" " ind2="1" tag="264">
      <marc:subfield code="a">Stams</marc:subfield>
      <marc:subfield code="c">2023</marc:subfield>
   </marc:datafield>
   <marc:datafield ind1="1" ind2=" " tag="490">
      <marc:subfield code="a">Masterarbeit 2023</marc:subfield>
   </marc:datafield>
   <marc:datafield ind1="1" ind2=" " tag="520">
      <marc:subfield code="a">Hintergrund: Die Arbeitsbelastung von Lehrpersonen, Schulleiterinnen und Schulleitern ist schon vor der Corona-Pandemie hoch gewesen, aber während der anhaltenden Pandemie hat dies noch einmal zugenommen. Jedoch spielt die Gesundheit von Lehrkräften eine tragende Rolle. So wirkt sie sich maßgeblich auf die Unterrichtsqualität und damit auch auf den Lernerfolg der Kinder aus. Aufgrund der Aktualität und ständigen Präsenz der Thematik besteht großes Interesse daran, sich mit dem besagten Thema an Tiroler Volksschulen auseinanderzusetzen.&lt;br/&gt;Zielsetzung: Ziel dieser Arbeit ist es, das Belastungsempfinden von Lehrpersonen, Schulleiterinnen und Schulleitern während der Corona-Pandemie an Tiroler Volksschulen zu erheben und zu untersuchen.&lt;br/&gt;Methodik: Mittels einer Online-Befragung wurde das Belastungsempfinden während der Corona-Pandemie von Tiroler Volksschullehrpersonen, Schulleiterinnen und Schulleitern erhoben. Der Fragebogen wurde in verschiedene Abschnitte gegliedert und enthält geschlossene Fragen zur Funktion in der Schule, zu persönlichen Daten wie Alter und Geschlecht sowie zum Befinden vor und während der Pandemie. An der Befragung nahmen insgesamt 156 Personen teil, davon erfüllten 144 Personen die Vollständigkeitskriterien für die Auswertung des Fragebogens. Von den 144 befragten Personen nahmen 24 Schulleiterinnen und Schulleiter sowie 120 Lehrpersonen teil.&lt;br/&gt;Ergebnisse: Es kann festgestellt werden, dass es bei dem Belastungsempfinden von Schulleiterinnen und Schulleitern sowie Volksschullehrpersonen nur in Teilbereichen signifikante Unterschiede (p&lt;0,05) gibt. So konnten in den Bereichen der Schlaflosigkeit, der erhöhten Administration, dem Korrekturaufwand, den Gesundheitssorgen sowie in der schwierigen Kommunikation im Kollegium signifikante Unterschiede zwischen den Vergleichsgruppen festgestellt werden.&lt;br/&gt;Schlussfolgerung: Die vorliegende Untersuchung bestätigt, dass sich das Belastungsempfinden von Lehrpersonen, Schulleiterinnen und Schulleitern in der Pandemie verändert hat, jedoch nur in fünf Bereichen signifikante Unterschiede zwischen den beiden untersuchten Gruppen dargelegt werden konnten.</marc:subfield>
   </marc:datafield>
   <marc:datafield ind1=" " ind2=" " tag="041">
      <marc:subfield code="a">ger</marc:subfield>
   </marc:datafield>
   <marc:datafield ind1=" " ind2=" " tag="542">
      <marc:subfield code="d">Mag. Mag. Dr. Priv.-Doz. Nikolaus Greier</marc:subfield>
   </marc:datafield>
   <marc:datafield ind1="1" ind2=" " tag="521">
      <marc:subfield code="a">0</marc:subfield>
   </marc:datafield>
   <marc:datafield ind1=" " ind2=" " tag="300">
      <marc:subfield code="a">85</marc:subfield>
   </marc:datafield>
</marc:record>
